| 000 | 01213cam a22003495a 4500 | ||
|---|---|---|---|
| 001 | 017964189 | ||
| 003 | OSt | ||
| 005 | 20201128024336.0 | ||
| 008 | 160701t2017 enkab frbd 001 0 eng d | ||
| 015 |
_aGBB6B9018 _2bnb |
||
| 016 | 7 |
_a017964189 _2Uk |
|
| 020 | _a9781292153537 (pbk.) | ||
| 020 | _a1292153539 (pbk.) | ||
| 035 | _a(WlAbNL)99669041302419 | ||
| 035 | _a(StEdALDL)1/3462889 | ||
| 035 | _a(UkOxU)020613318 | ||
| 040 |
_aUK-WkNB _beng _cUK-WkNB _dWlAbNL _dUk _dEG-ScBUE |
||
| 082 | 0 | 4 |
_a658.049 _bDER _222 |
| 100 | 1 | 0 |
_aDeresky, Helen. _92698 |
| 245 | 1 | 0 |
_aInternational management : _bmanaging across borders and cultures : text and cases / _cHelen Deresky. |
| 250 | _a9th ed., Global ed. | ||
| 260 |
_aHarlow : _bPearson Education Limited, _cc.2017. |
||
| 300 |
_a500 p. : _bill. (col.), maps (col.) ; _c28 cm. |
||
| 504 | _aIncludes bibliographical references and index. | ||
| 650 | 7 |
_aInternational business enterprises _xManagement. _2BUEsh |
|
| 650 | 7 |
_aInternational business enterprises _xManagement _vCase studies. _2BUEsh |
|
| 650 | 7 |
_aManagement _vCross-cultural studies. _2BUEsh _929351 |
|
| 651 | _2BUEsh | ||
| 653 |
_bBUSADM _cMay2018 |
||
| 655 |
_vText book _933728 |
||
| 942 | _2ddc | ||
| 999 |
_c26659 _d26631 |
||